|
|
|
|
| LEADER |
00000nab a2200000 a 4500 |
| 001 |
vtls000573315 |
| 003 |
SK-MaSNL |
| 005 |
20260304094719.0 |
| 008 |
250425c1996 xo 0 slo |
| 015 |
|
|
|a SNBRB19rr/mm-uuuuu
|
| 035 |
|
|
|a CL0573453
|
| 035 |
|
|
|a urn:nbn:sk:snk-abakjk
|
| 035 |
|
|
|a (urnnbn)urn:nbn:sk:snk:ar-00832r
|
| 035 |
|
|
|a (uuid)32d18de8-9974-481c-a619-68d2751afef9
|
| 040 |
|
|
|a SNKBUCL
|b slo
|c SNKBUCL
|e AACR2
|
| 041 |
0 |
|
|a slo
|
| 044 |
|
|
|a xo
|c SK
|
| 080 |
|
|
|a 76.071.1
|2 1981
|
| 080 |
|
|
|a 75.071.1
|2 1981
|
| 080 |
|
|
|a 929 Kellenberger, Martin
|2 1981
|
| 100 |
1 |
|
|a Kellenberger, Martin,
|d 1957-
|4 aut
|9 90777
|
| 245 |
1 |
0 |
|a Vytvoriť svojbytný svet
|b Hovoríme s výtvarníkom Martinom Kellenbergerom
|c Martin Kellenberger, Bohuš Bodacz
|
| 300 |
|
|
|b Fotogr. 2
|
| 600 |
1 |
7 |
|a Kellenberger, Martin,
|d 1957-
|2 snkbucl
|9 90777
|
| 655 |
|
7 |
|a články z novín a časopisov
|2 snkbucl
|9 267496
|
| 700 |
1 |
|
|a Bodacz, Bohuš,
|d 1955-2020
|4 aut
|9 105616
|
| 773 |
0 |
|
|t Literárny týždenník
|g Roč. 9, č. 2 (1996), s. 1 a 10
|x 0862-5999
|
| 850 |
|
|
|a Slovenská národná knižnica
|
| 852 |
|
|
|a Slovenská národná knižnica
|
| 954 |
|
|
|a odborná, vedecká literatúra pôvodná (slovenská)
|2 lita
|
| 958 |
|
|
|a article14
|
| 958 |
|
|
|a BX
|
| 958 |
|
|
|a RK
|
| 958 |
|
|
|a SK
|
| 958 |
|
|
|a OND
|
| 958 |
|
|
|a EUIPO
|
| 999 |
|
|
|c 2828554
|d 2830484
|